Normal view
MARC view
Entry Personal Name
001 - CONTROL NUMBER
- control field: 7024
003 - CONTROL NUMBER IDENTIFIER
- control field: OSt
005 - DATE AND TIME OF LATEST TRANSACTION
- control field: 20130309115526.0
008 - FIXED-LENGTH DATA ELEMENTS
- fixed length control field: 130309|||a|||||| | ||| d
040 ## - CATALOGING SOURCE
- Original cataloging agency: OSt
- Transcribing agency: OSt
100 ## - HEADING--PERSONAL NAME
- Personal name: Barrister, James Griffith
670 ## - SOURCE DATA FOUND
- Source citation: Work cat.: (OSt): Barrister, James Griffith, Evidence / , 2010
